<?xml version="1.0" encoding="UTF-8"?>
<record
    xmlns:xsi="http://www.w3.org/2001/XMLSchema-instance"
    xsi:schemaLocation="http://www.loc.gov/MARC21/slim http://www.loc.gov/standards/marcxml/schema/MARC21slim.xsd"
    xmlns="http://www.loc.gov/MARC21/slim">

  <leader>06388namaa22004451i 4500</leader>
  <controlfield tag="003">EG-GICUC</controlfield>
  <controlfield tag="005">20260502221117.0</controlfield>
  <controlfield tag="008">260502s2025    ua a|||frm||| 000 0 eng d</controlfield>
  <datafield tag="040" ind1=" " ind2=" ">
    <subfield code="a">EG-GICUC</subfield>
    <subfield code="b">eng</subfield>
    <subfield code="c">EG-GICUC</subfield>
    <subfield code="d">EG-GICUC</subfield>
    <subfield code="e">rda</subfield>
  </datafield>
  <datafield tag="041" ind1="0" ind2=" ">
    <subfield code="a">eng</subfield>
    <subfield code="b">eng</subfield>
    <subfield code="b">ara</subfield>
  </datafield>
  <datafield tag="049" ind1=" " ind2=" ">
    <subfield code="a">Deposit</subfield>
  </datafield>
  <datafield tag="082" ind1="0" ind2="4">
    <subfield code="a">617.692</subfield>
  </datafield>
  <datafield tag="092" ind1=" " ind2=" ">
    <subfield code="a">617.692 </subfield>
    <subfield code="2">21</subfield>
  </datafield>
  <datafield tag="097" ind1=" " ind2=" ">
    <subfield code="a">M.Sc</subfield>
  </datafield>
  <datafield tag="099" ind1=" " ind2=" ">
    <subfield code="a">Cai01.09.09.M.Sc.2025.Ra.A</subfield>
  </datafield>
  <datafield tag="100" ind1="0" ind2=" ">
    <subfield code="a">Raouf Rafick Raouf Rizkalla, </subfield>
    <subfield code="e">preparation.</subfield>
  </datafield>
  <datafield tag="245" ind1="1" ind2="0">
    <subfield code="a">Assessment of peri-implant stress distribution in maxillary "All- on-4" prosthesis, fabricated on multi-unit angled abutments with  Zirconia framework versus those with titanium framework : </subfield>
    <subfield code="b">A 3D Finite Element Analysis /</subfield>
    <subfield code="c">by Raouf Rafick Raouf Rizkalla ; Supervisors Prof. Dr Ashraf Emil Eskandar, Prof. Dr. Nouran Abdel Nabi, Dr. Karim Fouda. </subfield>
  </datafield>
  <datafield tag="246" ind1="1" ind2="5">
    <subfield code="a">&#x62A;&#x648;&#x632;&#x64A;&#x639; &#x627;&#x644;&#x627;&#x62C;&#x647;&#x627;&#x62F; &#x62D;&#x648;&#x644; &#x627;&#x644;&#x63A;&#x631;&#x633;&#x629; &#x641;&#x64A; &#x62D;&#x627;&#x644;&#x627;&#x62A; &#x627;&#x644;&#x643;&#x644; &#x639;&#x644;&#x64A; &#x627;&#x631;&#x628;&#x639;&#x629; &#x641;&#x64A; &#x627;&#x644;&#x641;&#x643; &#x627;&#x644;&#x639;&#x644;&#x648;&#x64A; &#x627;&#x644;&#x645;&#x635;&#x646;&#x639;&#x629; &#x639;&#x644;&#x649; &#x62F;&#x639;&#x627;&#x645;&#x627;&#x62A; &#x628;&#x632;&#x627;&#x648;&#x64A;&#x629; &#x645;&#x62A;&#x639;&#x62F;&#x62F;&#x629; &#x627;&#x644;&#x648;&#x62D;&#x62F;&#x627;&#x62A; &#x645;&#x639; &#x625;&#x637;&#x627;&#x631; &#x645;&#x646; &#x627;&#x644;&#x632;&#x631;&#x643;&#x648;&#x646;  &#x645;&#x642;&#x627;&#x628;&#x644; &#x62A;&#x644;&#x643; &#x627;&#x644;&#x645;&#x632;&#x648;&#x62F;&#x629; &#x628;&#x625;&#x637;&#x627;&#x631; &#x645;&#x646; &#x627;&#x644;&#x62A;&#x64A;&#x62A;&#x627;&#x646;&#x64A;&#x648;&#x645; :</subfield>
    <subfield code="b"> &#x62A;&#x62D;&#x644;&#x64A;&#x644; &#x627;&#x644;&#x639;&#x646;&#x627;&#x635;&#x631; &#x627;&#x644;&#x645;&#x62D;&#x62F;&#x648;&#x62F;&#x629; &#x62B;&#x644;&#x627;&#x62B;&#x64A; &#x627;&#x644;&#x627;&#x628;&#x639;&#x627;&#x62F;</subfield>
  </datafield>
  <datafield tag="264" ind1=" " ind2="0">
    <subfield code="c">2025.</subfield>
  </datafield>
  <datafield tag="300" ind1=" " ind2=" ">
    <subfield code="a">65 pages : </subfield>
    <subfield code="b">illustrations ; </subfield>
    <subfield code="c">25 cm. + </subfield>
    <subfield code="e">CD.</subfield>
  </datafield>
  <datafield tag="336" ind1=" " ind2=" ">
    <subfield code="a">text</subfield>
    <subfield code="2">rda content</subfield>
  </datafield>
  <datafield tag="337" ind1=" " ind2=" ">
    <subfield code="a">Unmediated</subfield>
    <subfield code="2">rdamedia</subfield>
  </datafield>
  <datafield tag="338" ind1=" " ind2=" ">
    <subfield code="a">volume</subfield>
    <subfield code="2">rdacarrier</subfield>
  </datafield>
  <datafield tag="502" ind1=" " ind2=" ">
    <subfield code="a">Thesis (M.Sc)-Cairo University, 2025.</subfield>
  </datafield>
  <datafield tag="504" ind1=" " ind2=" ">
    <subfield code="a">Bibliography: pages 54-63.</subfield>
  </datafield>
  <datafield tag="520" ind1=" " ind2="3">
    <subfield code="a">Aim: To evaluate peri-implant stresses generated using Finite Element Analysis (FEA)for 
titanium and zirconium frameworks for a maxillary all on four prostheses. 

Material and methods: Three-dimensional finite element models of an edentulous maxilla 
restored with a prosthesis supported by 4 implants were reconstructed to carry out this analysis. The 
anterior implants were placed vertically in the lateral-canine area, whereas the posterior implants 
were placed with a 17-degree distal angulation at the second premolar area bilaterally. Multi-unit 
abutments were used for all implants. A framework of the first model made of zirconia was 
designed, while for the second model a titanium framework was planned. A 200 N force was 
applied to the central fossa of the first molar bilaterally. The Von Mises stresses were recorded on 
the framework, multiunit abutments and implants. 

 Results: The maximum Von Mises stress recorded on the prosthesis was similar between 
Zirconium and the Titanium framework. More significantly, the framework itself experiences a 
substantial difference, with the Zirconium framework showing a maximum stress of 131.88 MPa, 
while the Titanium framework's maximum stress was 95.272 Mpa. The maximum principal stresses 
on bone between the zirconium and titanium frameworks were nearly identical. The titanium 
framework showed a slightly higher value (11.025 MPa) than the zirconium (10.983 
MPa).Regarding directional deformation both showed identical results. 
Conclusion: Both titanium and zirconium frameworks seem to be reliable treatment options 
for all on 4 concepts for restoring edentulous maxilla. Both materials showed similar pattern of 
transmission of stresses to the underlying implant and bone. Titanium showed more uniform stress 
distribution compared to zirconium within the framework. </subfield>
  </datafield>
  <datafield tag="520" ind1=" " ind2="3">
    <subfield code="a">&#x642;&#x64A;&#x645;&#x62A; &#x647;&#x630;&#x647; &#x627;&#x644;&#x62F;&#x631;&#x627;&#x633;&#x629; &#x627;&#x644;&#x62C;&#x647;&#x648;&#x62F; &#x62D;&#x648;&#x644; &#x627;&#x644;&#x632;&#x631;&#x627;&#x639;&#x627;&#x62A; &#x627;&#x644;&#x645;&#x62A;&#x648;&#x644;&#x62F;&#x629; &#x628;&#x627;&#x633;&#x62A;&#x62E;&#x62F;&#x627;&#x645; &#x62A;&#x62D;&#x644;&#x64A;&#x644; &#x627;&#x644;&#x639;&#x646;&#x627;&#x635;&#x631; &#x627;&#x644;&#x645;&#x62D;&#x62F;&#x648;&#x62F;&#x629; &#x644;&#x647;&#x64A;&#x643;&#x644; &#x627;&#x644;&#x632;&#x631;&#x643;&#x648;&#x646;&#x64A;&#x648;&#x645; &#x648;&#x627;&#x644;&#x62A;&#x64A;&#x62A;&#x627;&#x646;&#x64A;&#x648;&#x645; &#x644;&#x644;&#x641;&#x643; &#x627;&#x644;&#x639;&#x644;&#x648;&#x64A; &#x641;&#x64A; &#x62A;&#x639;&#x648;&#x64A;&#x636; &#x627;&#x644;&#x643;&#x644; &#x639;&#x644;&#x649; &#x627;&#x631;&#x628;&#x639;&#x629;. 
&#x62A;&#x645; &#x625;&#x62C;&#x631;&#x627;&#x621; &#x627;&#x644;&#x62F;&#x631;&#x627;&#x633;&#x629; &#x628;&#x627;&#x633;&#x62A;&#x62E;&#x62F;&#x627;&#x645; &#x646;&#x645;&#x648;&#x630;&#x62C; &#x627;&#x644;&#x639;&#x646;&#x627;&#x635;&#x631; &#x627;&#x644;&#x645;&#x62D;&#x62F;&#x648;&#x62F;&#x629; &#x62B;&#x644;&#x627;&#x62B;&#x64A;&#x629; &#x627;&#x644;&#x623;&#x628;&#x639;&#x627;&#x62F; &#x641;&#x64A; &#x627;&#x644;&#x641;&#x643; &#x627;&#x644;&#x639;&#x644;&#x648;&#x64A; &#x627;&#x644;&#x627;&#x633;&#x646;&#x627;&#x646; &#x62A;&#x645; &#x62A;&#x631;&#x645;&#x64A;&#x645;&#x647; &#x628;&#x627;&#x633;&#x62A;&#x62E;&#x62F;&#x627;&#x645; &#x637;&#x631;&#x641; &#x62A;&#x639;&#x648;&#x64A;&#x636;&#x64A; &#x645;&#x62F;&#x639;&#x648;&#x645; &#x628;&#x623;&#x631;&#x628;&#x639; &#x63A;&#x631;&#x633;&#x627;&#x62A; &#x62A;&#x645; &#x625;&#x639;&#x627;&#x62F;&#x629; &#x628;&#x646;&#x627;&#x621;&#x647;&#x627; &#x644;&#x625;&#x62C;&#x631;&#x627;&#x621; &#x647;&#x630;&#x627; &#x627;&#x644;&#x62A;&#x62D;&#x644;&#x64A;&#x644; &#x62A;&#x645; &#x648;&#x636;&#x639; &#x627;&#x644;&#x63A;&#x631;&#x633;&#x627;&#x62A; &#x627;&#x644;&#x623;&#x645;&#x627;&#x645;&#x64A;&#x629; &#x639;&#x645;&#x648;&#x62F;&#x64A;&#x64B;&#x627; &#x641;&#x64A; &#x627;&#x644;&#x646;&#x627;&#x62D;&#x64A;&#x62A;&#x64A;&#x646; &#x645;&#x627; &#x628;&#x64A;&#x646; &#x627;&#x644;&#x642;&#x627;&#x637;&#x639; &#x627;&#x644;&#x62C;&#x627;&#x646;&#x628;&#x64A; &#x648;&#x627;&#x644;&#x646;&#x627;&#x628;  &#x641;&#x64A; &#x62D;&#x64A;&#x646; &#x62A;&#x645; &#x648;&#x636;&#x639; &#x627;&#x644;&#x63A;&#x631;&#x633;&#x627;&#x62A; &#x627;&#x644;&#x62E;&#x644;&#x641;&#x64A;&#x629; &#x628;&#x632;&#x627;&#x648;&#x64A;&#x629; 17 &#x62F;&#x631;&#x62C;&#x629; &#x628;&#x639;&#x64A;&#x62F;&#x629; &#x641;&#x64A; &#x645;&#x646;&#x637;&#x642;&#x629; &#x627;&#x644;&#x636;&#x627;&#x62D;&#x643; &#x627;&#x644;&#x62B;&#x627;&#x646;&#x64A;&#x629; &#x62A;&#x645; &#x627;&#x633;&#x62A;&#x62E;&#x62F;&#x627;&#x645; &#x62F;&#x639;&#x627;&#x645;&#x627;&#x62A; &#x645;&#x62A;&#x639;&#x62F;&#x62F;&#x629; &#x627;&#x644;&#x648;&#x62D;&#x62F;&#x627;&#x62A; &#x644;&#x62C;&#x645;&#x64A;&#x639; &#x639;&#x645;&#x644;&#x64A;&#x627;&#x62A; &#x627;&#x644;&#x632;&#x631;&#x639; &#x62A;&#x645; &#x62A;&#x635;&#x645;&#x64A;&#x645; &#x625;&#x637;&#x627;&#x631; &#x627;&#x644;&#x646;&#x645;&#x648;&#x630;&#x62C; &#x627;&#x644;&#x623;&#x648;&#x644; &#x627;&#x644;&#x645;&#x635;&#x646;&#x648;&#x639; &#x645;&#x646; &#x627;&#x644;&#x62A;&#x64A;&#x62A;&#x627;&#x646;&#x64A;&#x648;&#x645; &#x628;&#x64A;&#x646;&#x645;&#x627; &#x627;&#x644;&#x646;&#x633;&#x628;&#x629; &#x644;&#x644;&#x646;&#x645;&#x648;&#x630;&#x62C; &#x627;&#x644;&#x62B;&#x627;&#x646;&#x64A; &#x60C; &#x62A;&#x645; &#x627;&#x644;&#x62A;&#x62E;&#x637;&#x64A;&#x637; &#x644;&#x625;&#x637;&#x627;&#x631; &#x645;&#x646; &#x627;&#x644;&#x632;&#x631;&#x643;&#x648;&#x646;&#x64A;&#x648;&#x645;  &#x648;&#x62A;&#x638;&#x647;&#x631; &#x646;&#x62A;&#x627;&#x626;&#x62C;&#x646;&#x627; &#x623;&#x646;&#x647; &#x62A;&#x645; &#x62A;&#x642;&#x64A;&#x64A;&#x645; &#x625;&#x62C;&#x647;&#x627;&#x62F; &#x641;&#x648;&#x646; &#x645;&#x64A;&#x632;&#x633; &#x648;&#x627;&#x644;&#x636;&#x63A;&#x637; &#x627;&#x644;&#x623;&#x642;&#x635;&#x649; &#x648;&#x627;&#x644;&#x62A;&#x634;&#x648;&#x647; &#x627;&#x644;&#x627;&#x62A;&#x62C;&#x627;&#x647;&#x64A; &#x641;&#x64A; &#x645;&#x646;&#x637;&#x642;&#x629; &#x627;&#x644;&#x639;&#x638;&#x627;&#x645; &#x627;&#x644;&#x645;&#x62D;&#x64A;&#x637;&#x629; &#x628;&#x627;&#x644;&#x632;&#x631;&#x639; &#x62A;&#x638;&#x647;&#x631; &#x627;&#x644;&#x646;&#x62A;&#x627;&#x626;&#x62C; &#x627;&#x644;&#x62A;&#x64A; &#x62A;&#x648;&#x635;&#x644;&#x646;&#x627; &#x625;&#x644;&#x64A;&#x647;&#x627; &#x623;&#x646;&#x647; &#x62A;&#x645; &#x62A;&#x642;&#x64A;&#x64A;&#x645; &#x625;&#x62C;&#x647;&#x627;&#x62F; &#x641;&#x648;&#x646; &#x645;&#x64A;&#x632;&#x633; &#x648;&#x627;&#x644;&#x62D;&#x62F; &#x627;&#x644;&#x623;&#x642;&#x635;&#x649; &#x645;&#x646; &#x627;&#x644;&#x625;&#x62C;&#x647;&#x627;&#x62F; &#x648;&#x627;&#x644;&#x62A;&#x634;&#x648;&#x647; &#x627;&#x644;&#x627;&#x62A;&#x62C;&#x627;&#x647;&#x64A; &#x641;&#x64A; &#x645;&#x646;&#x637;&#x642;&#x629; &#x627;&#x644;&#x639;&#x638;&#x627;&#x645; &#x627;&#x644;&#x645;&#x62D;&#x64A;&#x637;&#x629; &#x628;&#x627;&#x644;&#x632;&#x631;&#x639;&#x60C; &#x62A;&#x645; &#x62A;&#x642;&#x64A;&#x64A;&#x645; &#x625;&#x62C;&#x647;&#x627;&#x62F; &#x641;&#x648;&#x646; &#x645;&#x64A;&#x632;&#x633; &#x648;&#x627;&#x644;&#x625;&#x62C;&#x647;&#x627;&#x62F; &#x627;&#x644;&#x623;&#x642;&#x635;&#x649; &#x648;&#x627;&#x644;&#x62A;&#x634;&#x648;&#x647; &#x627;&#x644;&#x627;&#x62A;&#x62C;&#x627;&#x647;&#x64A; &#x641;&#x64A; &#x645;&#x646;&#x637;&#x642;&#x629; &#x627;&#x644;&#x639;&#x638;&#x627;&#x645; &#x627;&#x644;&#x645;&#x62D;&#x64A;&#x637;&#x629; &#x628;&#x627;&#x644;&#x632;&#x631;&#x639;&#x629;&#x60C; &#x648;&#x623;&#x638;&#x647;&#x631;&#x62A; &#x627;&#x644;&#x62A;&#x64A;&#x62A;&#x627;&#x646;&#x64A;&#x648;&#x645; &#x639;&#x646; &#x627;&#x644;&#x632;&#x631;&#x643;&#x648;&#x646;&#x64A;&#x648;&#x645; &#x623;&#x62F;&#x627;&#x621; &#x627;&#x641;&#x636;&#x644; &#x639;&#x644;&#x649; &#x627;&#x644;&#x625;&#x637;&#x627;&#x631; &#x648;&#x627;&#x644;&#x637;&#x631;&#x641; &#x627;&#x644;&#x627;&#x635;&#x637;&#x646;&#x627;&#x639;&#x64A; &#x627;&#x644;&#x645;&#x62D;&#x62A;&#x641;&#x638; &#x628;&#x627;&#x644;&#x645;&#x633;&#x645;&#x627;&#x631;&#x60C; &#x625;&#x644;&#x649; &#x627;&#x644;&#x623;&#x633;&#x627;&#x633; &#x627;&#x644;&#x639;&#x638;&#x627;&#x645; &#x648;&#x627;&#x644;&#x632;&#x631;&#x627;&#x639;&#x627;&#x62A; &#x627;&#x644;&#x645;&#x62B;&#x628;&#x62A;&#x629;.
&#x648;&#x641;&#x642;&#x64B;&#x627; &#x644;&#x645;&#x624;&#x633;&#x633;&#x62A;&#x646;&#x627;&#x60C; &#x64A;&#x645;&#x643;&#x646;&#x646;&#x627; &#x623;&#x646; &#x646;&#x642;&#x62A;&#x631;&#x62D; &#x627;&#x633;&#x62A;&#x62E;&#x62F;&#x627;&#x645; &#x625;&#x645;&#x627; &#x647;&#x64A;&#x627;&#x643;&#x644; &#x627;&#x644;&#x632;&#x631;&#x643;&#x648;&#x646;&#x64A;&#x648;&#x645; &#x623;&#x648; &#x627;&#x644;&#x62A;&#x64A;&#x62A;&#x627;&#x646;&#x64A;&#x648;&#x645; &#x645;&#x639; &#x62A;&#x639;&#x648;&#x64A;&#x636; &#x643;&#x644;&#x64A; &#x634;&#x627;&#x645;&#x644;&#x629; &#x644;&#x639;&#x62F;&#x64A;&#x645; &#x627;&#x644;&#x623;&#x633;&#x646;&#x627;&#x646; &#x641;&#x64A; &#x627;&#x644;&#x641;&#x643; &#x627;&#x644;&#x639;&#x644;&#x648;&#x64A;&#x60C; &#x648;&#x647;&#x648; &#x645;&#x627; &#x64A;&#x639;&#x62A;&#x628;&#x631; &#x62E;&#x64A;&#x627;&#x631;&#x64B;&#x627; &#x639;&#x644;&#x627;&#x62C;&#x64A;&#x64B;&#x627; &#x645;&#x648;&#x62B;&#x648;&#x642;&#x64B;&#x627; &#x628;&#x647;</subfield>
  </datafield>
  <datafield tag="530" ind1=" " ind2=" ">
    <subfield code="a">Issues also as CD.</subfield>
  </datafield>
  <datafield tag="546" ind1=" " ind2=" ">
    <subfield code="a">Text in English and abstract in Arabic &amp; English.</subfield>
  </datafield>
  <datafield tag="650" ind1=" " ind2="0">
    <subfield code="a">Oral Implantology </subfield>
  </datafield>
  <datafield tag="650" ind1=" " ind2="0">
    <subfield code="a">&#x632;&#x631;&#x627;&#x639;&#x629; &#x627;&#x644;&#x623;&#x633;&#x646;&#x627;&#x646;</subfield>
  </datafield>
  <datafield tag="653" ind1=" " ind2="1">
    <subfield code="a">All-on-4</subfield>
    <subfield code="a">abutment</subfield>
    <subfield code="a">Zirconia</subfield>
    <subfield code="a">titanium</subfield>
    <subfield code="a">Von Mises stress</subfield>
  </datafield>
  <datafield tag="700" ind1="0" ind2=" ">
    <subfield code="a">Ashraf Emil Eskandar</subfield>
    <subfield code="e">thesis advisor.</subfield>
  </datafield>
  <datafield tag="700" ind1="0" ind2=" ">
    <subfield code="a">Nouran Abdel Nabi</subfield>
    <subfield code="e">thesis advisor.</subfield>
  </datafield>
  <datafield tag="700" ind1="0" ind2=" ">
    <subfield code="a">Karim Fouda</subfield>
    <subfield code="e">thesis advisor.</subfield>
  </datafield>
  <datafield tag="900" ind1=" " ind2=" ">
    <subfield code="b">01-01-2025</subfield>
    <subfield code="c">Ashraf Emil Eskandar</subfield>
    <subfield code="c">Nouran Abdel Nabi</subfield>
    <subfield code="c">Karim Fouda</subfield>
    <subfield code="d">Khaled Ahmed Abdeen </subfield>
    <subfield code="d">Ramy Maher Sadek  </subfield>
    <subfield code="U">Cairo University</subfield>
    <subfield code="F">Faculty of Oral and Dental Medicine </subfield>
    <subfield code="D">Department of Oral Implantology </subfield>
  </datafield>
  <datafield tag="905" ind1=" " ind2=" ">
    <subfield code="a">Shimaa</subfield>
  </datafield>
  <datafield tag="942" ind1=" " ind2=" ">
    <subfield code="2">ddc</subfield>
    <subfield code="c">TH</subfield>
    <subfield code="e">21</subfield>
    <subfield code="n">0</subfield>
  </datafield>
  <datafield tag="999" ind1=" " ind2=" ">
    <subfield code="c">179898</subfield>
  </datafield>
  <datafield tag="952" ind1=" " ind2=" ">
    <subfield code="2">ddc</subfield>
    <subfield code="9">317518</subfield>
    <subfield code="a">CUCL</subfield>
    <subfield code="b">cl210</subfield>
    <subfield code="d">2026-05-02</subfield>
    <subfield code="i">93948</subfield>
    <subfield code="o">Cai01.09.09.M.Sc.2025.Ra.A</subfield>
    <subfield code="p">01010110093948000</subfield>
    <subfield code="r">2026-05-02 21:11:55</subfield>
    <subfield code="w">2026-05-02</subfield>
    <subfield code="y">TH</subfield>
  </datafield>
</record>
